Fim de século (Record no. 74240)

MARC details
000 -LÍDER
campo de controle de tamanho fixo 00348 a2200157 4500
001 - NÚMERO DE CONTROLE
campo de controle 74240
020 ## - ISBN - INTERNATIONAL STANDARD BOOK NUMBER
ISBN - International Standard Book Number 857429015-7
040 ## - FONTE DA CATALOGAÇÃO
Instituição que transcreveu o registro Anchieta - Colégio São Paulo
100 ## - ENTRADA PRINCIPAL--NOME PESSOAL
Nome pessoal Carvalho, Maria Inez
240 10 - TÍTULO UNIFORME
Título uniforme Fim de século
Idioma da obra por
245 10 - TÍTULO
Título Fim de século
300 ## - DESCRIÇÃO FÍSICA
Extensão 163
362 0# - DATAS DE PUBLICAÇÃO E/OU DESIGNAÇÃO SEQUENCIAL
Datas de publicação e/ou designação sequencial 2004
650 #4 - ASSUNTO--TERMO TÓPICO
Cabeçalho tópico ou nome geográfico Geografia e viagens
942 ## - ELEMENTOS DE ENTRADA ADICIONADOS (KOHA)
Tipo de material Koha Livros
Holdings
Situação do descarte Situação das perdas Situação física Não pode ser emprestado Biblioteca de origem Biblioteca atual Data de aquisição Total de empréstimos Número de chamada completo Código de barras Data de último acesso Data do preço efetivo Tipo de material Koha
        Colégio São Paulo Colégio São Paulo 22/11/2023   910 C331f 4789/CSP 22/11/2023 22/11/2023 Livros